[Event "TCh-TUR 2011"]
[Site "Konya TUR"]
[Date "2011.07.04"]
[Round "8"]
[White "Gagunashvili, Merab"]
[Black "Arutinian, David"]
[Result "1/2-1/2"]
[WhiteTitle "GM"]
[BlackTitle "GM"]
[WhiteElo "2603"]
[BlackElo "2564"]
[WhiteTeam "Turk Hava Yollari S.K."]
[BlackTeam "Yesilkoy Spor Kulubu"]
[WhiteFideId "13601652"]
[BlackFideId "13601741"]
[EventDate "2011.06.28"]

1. d4 Nf6 2. c4 e6 3. Nf3 d5 4. Nc3 Bb4 5. cxd5 exd5 6. Bg5 O-O 7. e3 c5 8. dxc5
Bxc3+ 9. bxc3 Be6 10. Bb5 h6 11. Bxf6 Qxf6 12. Qd4 Qe7 13. Nd2 Rc8 14. Nb3 a6
15. Ba4 b5 16. cxb6 Rc4 17. b7 Qxb7 18. Qd1 Rxa4 19. Nc5 Qb5 20. Nxa4 Bd7 21.
Rb1 Qxa4 22. Qxd5 Bc6 23. Qd8+ Kh7 24. Rxb8 Rxb8 25. Qxb8 Bb5 26. Qd6 Qxa2 27.
Qd2 Qa1+ 28. Qd1 Qxc3+ 29. Qd2 Qa1+ 30. Qd1 Qc3+ 1/2-1/2

[Event "TCh-TUR 2011"]
[Site "Konya TUR"]
[Date "2011.07.04"]
[Round "8"]
[White "Sanikidze, Tornike"]
[Black "Kilicaslan, Hasan"]
[Result "1/2-1/2"]
[WhiteTitle "GM"]
[BlackTitle "IM"]
[WhiteElo "2524"]
[BlackElo "2250"]
[WhiteTeam "Yesilkoy Spor Kulubu"]
[BlackTeam "Turk Hava Yollari S.K."]
[WhiteFideId "13602608"]
[BlackFideId "6300391"]
[EventDate "2011.06.28"]

1. e4 e5 2. Nf3 Nc6 3. Bb5 a6 4. Ba4 Nf6 5. Qe2 Be7 6. c3 b5 7. Bb3 d6 8. d3 O-O
9. O-O Na5 10. Bc2 c5 11. Rd1 Qc7 12. Nbd2 Nc6 13. Nf1 Be6 14. h3 d5 15. Ng5
dxe4 16. Nxe6 exd3 17. Rxd3 fxe6 18. Nd2 c4 19. Rf3 g6 20. Ne4 Nd5 21. Rxf8+
Rxf8 22. Qg4 Qd7 23. Bh6 Rf5 24. Ng3 Bc5 25. Bxf5 exf5 26. Qg5 Nf4 27. Qh4 Nd3
28. Be3 Be7 29. Bg5 Bc5 30. Rf1 Nxb2 31. Bf6 Nd3 32. Ne2 Ne7 33. a4 Nd5 34. Bg5
e4 35. axb5 axb5 36. Bd2 Nxf2 37. Nd4 Nd3 38. Ra1 Bxd4+ 39. cxd4 e3 40. Qh6 Qb7
41. Bxe3 Nxe3 42. Qxe3 Qe4 43. Ra8+ Kf7 44. Ra7+ Ke6 45. d5+ Kxd5 46. Rd7+ Kc6
47. Qa7 Qe1+ 48. Kh2 Qe5+ 49. Kh1 Nf2+ 50. Kg1 Qe1+ 51. Kh2 Qh1+ 52. Kg3 Ne4+
53. Kf4 Qh2+ 54. Ke3 Qg1+ 55. Ke2 Qxg2+ 56. Kd1 Qf1+ 57. Kc2 Qe2+ 58. Kc1 1/2-1/2

[Event "TCh-TUR 2011"]
[Site "Konya TUR"]
[Date "2011.07.04"]
[Round "8"]
[White "Genc, Cihan Sevinc"]
[Black "Dogan, Ali Ekber"]
[Result "0-1"]
[WhiteElo "2213"]
[BlackElo "2130"]
[WhiteTeam "Turk Hava Yollari S.K."]
[BlackTeam "Yesilkoy Spor Kulubu"]
[WhiteFideId "6304370"]
[BlackFideId "6304540"]
[EventDate "2011.06.28"]

1. Nf3 Nf6 2. d4 g6 3. c4 Bg7 4. Nc3 d6 5. g3 O-O 6. Bg2 Nbd7 7. O-O e5 8. e4
exd4 9. Nxd4 Re8 10. Re1 Nc5 11. h3 c6 12. Qc2 a5 13. Be3 a4 14. Rad1 Qa5 15. f4
Qb4 16. a3 Qa5 17. f5 Nfd7 18. Qf2 Nb6 19. Bf1 Nbd7 20. Bf4 Ne5 21. g4 Bd7 22.
Be2 Qb6 23. Rd2 Rad8 24. Be3 Qa6 25. f6 Bf8 26. Qh4 Ne6 27. Bh6 Nxd4 28. Bxf8
Ndf3+ 0-1

[Event "TCh-TUR 2011"]
[Site "Konya TUR"]
[Date "2011.07.04"]
[Round "8"]
[White "Afyoncu, Omer"]
[Black "Yaramis, Hakan"]
[Result "0-1"]
[WhiteElo "2112"]
[BlackElo "2094"]
[WhiteTeam "Yesilkoy Spor Kulubu"]
[BlackTeam "Turk Hava Yollari S.K."]
[WhiteFideId "6305989"]
[BlackFideId "6304613"]
[EventDate "2011.06.28"]

1. c4 Nf6 2. Nf3 g6 3. b3 Bg7 4. Bb2 O-O 5. g3 b6 6. Bg2 Bb7 7. O-O c5 8. d3 Nc6
9. e4 d6 10. Nh4 e5 11. Qe1 Nd4 12. Bxd4 cxd4 13. Nd2 Bh6 14. Bh3 Bc8 15. Bxc8
Rxc8 16. h3 Nh5 17. Qe2 Nf4 18. Qf3 Nxh3+ 19. Kh2 Qd7 20. Rad1 Ng5 21. Qg2 Ne6
22. Ndf3 Ng7 23. Rh1 f5 24. Kg1 fxe4 25. dxe4 Qg4 26. Re1 Rc7 27. Nh2 Qe6 28. g4
Rcf7 29. N2f3 Rf4 30. Nf5 gxf5 31. exf5 Qf6 32. Qh3 Nxf5 33. gxf5 Qxf5 34. Qxf5
R8xf5 35. Rxh6 Rxf3 36. Rxd6 Rg5+ 37. Kf1 Rgf5 38. Kg1 Rg5+ 39. Kf1 Kg7 40. Rd7+
Rf7 41. Rd5 Kf6 42. Re4 Rf5 43. Ke1 h5 44. a3 Rh7 45. Rd8 h4 46. Rf8+ Ke6 47.
Rg8 h3 48. Rg6+ Rf6 49. Rg1 h2 50. Rh1 Rf3 0-1

[Event "TCh-TUR 2011"]
[Site "Konya TUR"]
[Date "2011.07.04"]
[Round "8"]
[White "Aydogdu, Erkmen"]
[Black "Erbis, Baris"]
[Result "0-1"]
[WhiteElo "2031"]
[BlackElo "1933"]
[WhiteTeam "Yesilkoy Spor Kulubu"]
[BlackTeam "Turk Hava Yollari S.K."]
[WhiteFideId "6303064"]
[BlackFideId "6305202"]
[EventDate "2011.06.28"]

1. d4 Nf6 2. c4 g6 3. Nc3 Bg7 4. e4 d6 5. Be2 O-O 6. f4 c5 7. d5 e6 8. Nf3 exd5
9. cxd5 Bg4 10. O-O Re8 11. Qc2 Nbd7 12. a4 a6 13. Kh1 Qe7 14. e5 dxe5 15. fxe5
Nxe5 16. Nxe5 Qxe5 17. Bf4 Qh5 18. Bc4 Bf5 19. Qb3 Ng4 20. Ne2 Re3 21. Qxb7 Rf8
22. Ra3 Rxa3 23. bxa3 Be4 24. Kg1 Bh6 25. h3 Ne3 26. Bxe3 Bxe3+ 27. Kh2 Qe5+ 28.
g3 h5 29. h4 g5 30. hxg5 h4 31. Qd7 hxg3+ 32. Nxg3 Kg7 33. Kh3 Rh8+ 0-1

[Event "TCh-TUR 2011"]
[Site "Konya TUR"]
[Date "2011.07.04"]
[Round "8"]
[White "Yargici, Mazhar Kutay"]
[Black "Ergene, Mertcan"]
[Result "1-0"]
[WhiteElo "1926"]
[BlackElo "1731"]
[WhiteTeam "Turk Hava Yollari S.K."]
[BlackTeam "Yesilkoy Spor Kulubu"]
[WhiteFideId "6310400"]
[BlackFideId "6342345"]
[EventDate "2011.06.28"]

1. d4 Nf6 2. c4 e6 3. Nc3 Bb4 4. e3 Bxc3+ 5. bxc3 b6 6. Bd3 Bb7 7. f3 O-O 8. Ne2
d5 9. cxd5 exd5 10. O-O Re8 11. Ng3 Ba6 12. Bxa6 Nxa6 13. Qd3 Qc8 14. e4 c5 15.
Bg5 c4 16. Qc2 Qe6 17. e5 Nd7 18. f4 Qg6 19. Qxg6 hxg6 20. f5 f6 21. exf6 gxf6
22. Bf4 g5 23. Bd6 Re3 24. Rae1 Rae8 25. Kf2 Rxe1 26. Rxe1 Rxe1 27. Kxe1 b5 28.
Nf1 Nb6 29. Ne3 Kf7 30. g3 Nc8 31. Ba3 Nc7 32. h4 gxh4 33. gxh4 a5 34. Bc5 Kg7
35. Kf2 Kf7 36. Ke2 Ke8 37. a3 Kf7 38. Kd2 Kg7 39. Ng4 Na6 40. h5 Nxc5 41. h6+
Kh7 42. dxc5 Ne7 43. Ke2 Nxf5 44. Nxf6+ Kxh6 45. Nxd5 Kg7 46. c6 Nd6 47. c7 Nc8
48. Ke3 Kf7 49. Kd4 b4 50. cxb4 axb4 51. axb4 Ke6 52. Kxc4 Kd7 53. Kc5 Na7 54.
b5 Kc8 55. b6 Nc6 56. Kd6 Kb7 57. c8=Q+ 1-0

[Event "TCh-TUR 2011"]
[Site "Konya TUR"]
[Date "2011.07.04"]
[Round "8"]
[White "Alev, Gonulden Seda"]
[Black "Yaka, Beyza"]
[Result "1-0"]
[WhiteElo "1605"]
[BlackElo "1525"]
[WhiteTeam "Yesilkoy Spor Kulubu"]
[BlackTeam "Turk Hava Yollari S.K."]
[WhiteFideId "6301428"]
[BlackFideId "6303641"]
[EventDate "2011.06.28"]

1. e4 e5 2. Nf3 d6 3. d4 exd4 4. Nxd4 Nf6 5. Nc3 Be7 6. Be2 O-O 7. Be3 Re8 8.
O-O h6 9. f4 Bf8 10. Bf3 Nbd7 11. Nf5 Nb6 12. Ng3 Bd7 13. Bd4 c5 14. Bf2 Qc7 15.
a4 a6 16. b3 Rad8 17. a5 Nc8 18. Nh5 Ne7 19. Nxf6+ gxf6 20. Bh5 Bg7 21. f5 Rf8
22. Bh4 Be8 23. Qg4 Kh7 24. Qf4 c4 25. Rf3 Rg8 26. Bf2 Qd7 27. Be3 d5 28. Rh3 1-0

[Event "TCh-TUR 2011"]
[Site "Konya TUR"]
[Date "2011.07.04"]
[Round "8"]
[White "Ulker, Tolga"]
[Black "Deviren, Erdi"]
[Result "0-1"]
[WhiteElo "1758"]
[BlackElo "1927"]
[WhiteTeam "Turk Hava Yollari S.K."]
[BlackTeam "Yesilkoy Spor Kulubu"]
[WhiteFideId "6351875"]
[BlackFideId "6319831"]
[EventDate "2011.06.28"]

1. e4 c5 2. Nf3 d6 3. d4 cxd4 4. Nxd4 Nf6 5. Nc3 a6 6. Bg5 e6 7. f4 Be7 8. Qf3
h6 9. Bxf6 Bxf6 10. O-O-O Qb6 11. Nb3 Qc7 12. Be2 Nd7 13. g4 Nb6 14. h4 Bd7 15.
Kb1 O-O-O 16. Rd2 Bxc3 17. bxc3 Na4 18. c4 Bc6 19. Bd3 d5 20. Ka1 dxe4 21. Bxe4
Bxe4 22. Qxe4 Rxd2 23. Nxd2 Rd8 24. Qe3 Qd6 25. Nf3 Qd1+ 26. Qc1 Qxf3 27. Rg1
Qc3+ 28. Kb1 Qb4+ 29. Ka1 Qxc4 30. Rg3 Qd4+ 31. c3 Qxf4 32. Rg1 Qxc1+ 33. Rxc1
Rd3 34. Kb1 0-1

[Event "TCh-TUR 2011"]
[Site "Konya TUR"]
[Date "2011.07.04"]
[Round "8"]
[White "Tandogan, Buket"]
[Black "Gundogan, Sinem Cagla"]
[Result "1/2-1/2"]
[WhiteElo "1548"]
[BlackElo "1433"]
[WhiteTeam "Yesilkoy Spor Kulubu"]
[BlackTeam "Turk Hava Yollari S.K."]
[WhiteFideId "6321070"]
[BlackFideId "6325378"]
[EventDate "2011.06.28"]

1. e4 e5 2. Nf3 Nc6 3. d4 exd4 4. Nxd4 Nf6 5. Nxc6 bxc6 6. e5 Nd5 7. c4 Nb6 8.
b3 a5 9. Bb2 a4 10. Nd2 axb3 11. axb3 Rxa1 12. Bxa1 d5 13. exd6 cxd6 14. Qe2+
Be6 15. f4 Qe7 16. Nf3 f6 17. Nd4 Bd7 18. Qxe7+ Bxe7 19. Bd3 O-O 20. Nf5 Bd8 21.
Nxd6 Bc7 22. c5 Bxd6 23. cxd6 Nc8 24. O-O Nxd6 25. Rd1 Bf5 26. Bxf5 Nxf5 27. Rc1
Rd8 28. Bc3 Rb8 29. b4 Ne7 30. Bd2 Nd5 31. Rc4 1/2-1/2

[Event "TCh-TUR 2011"]
[Site "Konya TUR"]
[Date "2011.07.04"]
[Round "8"]
[White "Cebelli, Ozel"]
[Black "Apaydin, Fethi"]
[Result "0-1"]
[WhiteElo "2130"]
[BlackElo "2198"]
[WhiteTeam "Bursa Tophane Meslek Lisesi S.K."]
[BlackTeam "Besiktas Jimnastik Kulubu"]
[WhiteFideId "6301169"]
[BlackFideId "6302521"]
[EventDate "2011.06.28"]

1. e4 c5 2. Nc3 a6 3. a4 e6 4. g3 Nc6 5. Bg2 Nf6 6. d3 Be7 7. Nge2 O-O 8. O-O
Rb8 9. f4 d5 10. e5 Nd7 11. b3 b5 12. axb5 axb5 13. Kh1 Qb6 14. Bb2 Bb7 15. Qd2
Ra8 16. Rfb1 Rfd8 17. Nd1 d4 18. Nf2 Nb4 19. Ne4 Nd5 20. g4 Qc7 21. g5 N7b6 22.
N2g3 Ne3 23. Bh3 Nbd5 24. Qf2 Nb4 25. Kg1 g6 26. Bc1 Rxa1 27. Rxa1 Nexc2 28. Rb1
Ne3 29. Qe2 Nbd5 30. Qf2 Nd1 31. Qe1 N1c3 32. Ra1 Nb4 33. Qf1 c4 34. bxc4 bxc4
35. Ba3 Nxe4 36. dxe4 d3 37. Bg2 Nc2 38. Bxe7 Qxe7 39. Rb1 c3 40. f5 Ne3 41. Qf2
c2 42. Ra1 d2 0-1

[Event "TCh-TUR 2011"]
[Site "Konya TUR"]
[Date "2011.07.04"]
[Round "8"]
[White "Komut, Burak"]
[Black "Yilmazyerli, Mert"]
[Result "0-1"]
[BlackTitle "FM"]
[WhiteElo "1980"]
[BlackElo "2318"]
[WhiteTeam "Bursa Tophane Meslek Lisesi S.K."]
[BlackTeam "Besiktas Jimnastik Kulubu"]
[WhiteFideId "6309984"]
[BlackFideId "6305962"]
[EventDate "2011.06.28"]

1. d4 Nf6 2. Nf3 g6 3. c4 Bg7 4. g3 O-O 5. Bg2 d5 6. cxd5 Nxd5 7. O-O Nc6 8. Nc3
Nxc3 9. bxc3 e5 10. e3 Be6 11. Qa4 Bd5 12. Rd1 exd4 13. cxd4 a6 14. Ba3 Re8 15.
Ne1 Qd7 16. Rac1 Rad8 17. Qc2 Qe6 18. Bxd5 Qxd5 19. Ng2 g5 20. Qb3 Qxb3 21. axb3
Rd5 22. Ne1 Red8 23. Nd3 Bxd4 24. exd4 Nxd4 25. Nb2 Ne2+ 26. Kf1 Nxc1 27. Rxc1
c6 28. Bc5 Rd2 29. Nc4 Rd1+ 30. Rxd1 Rxd1+ 31. Ke2 Rd5 32. b4 f6 33. Ke3 Kg7 34.
f4 Kg6 35. Na5 Rd7 36. Ke4 g4 37. f5+ Kg7 38. Be3 Rd5 39. Bc5 Rd7 40. Be3 h5 41.
Bc5 Rd2 42. Nxb7 Rxh2 43. Na5 Rc2 44. Kd3 Rg2 45. Bd6 Rg1 46. Bf4 h4 47. gxh4 g3
48. Nxc6 g2 49. Be3 Re1 50. Ba7 g1=Q 51. Bxg1 Rxg1 52. Kc4 Ra1 53. Kc5 Kh6 54.
Kb6 Ra4 55. Kc5 Kh5 56. Nd4 Kxh4 57. Ne6 Kg4 58. Ng7 Ra1 59. Kb6 Ra4 60. Kc5 Kg5 0-1

[Event "TCh-TUR 2011"]
[Site "Konya TUR"]
[Date "2011.07.04"]
[Round "8"]
[White "Emiroglu, Cankut"]
[Black "Donmez, Batuhan"]
[Result "1-0"]
[WhiteElo "2216"]
[BlackElo "1849"]
[WhiteTeam "Besiktas Jimnastik Kulubu"]
[BlackTeam "Bursa Tophane Meslek Lisesi S.K."]
[WhiteFideId "6306659"]
[BlackFideId "6326277"]
[EventDate "2011.06.28"]

1. e4 c5 2. Nf3 d6 3. d4 cxd4 4. Qxd4 Nc6 5. Bb5 Bd7 6. Bxc6 Bxc6 7. Nc3 Nf6 8.
Bg5 e6 9. Qd3 Be7 10. Nd4 d5 11. e5 Nd7 12. Bxe7 Qxe7 13. f4 a6 14. Qe3 Qh4+ 15.
g3 Qh5 16. Kd2 O-O 17. Rae1 Qh3 18. Kc1 g6 19. Nd1 Rae8 20. Nf2 Qh5 21. g4 Qh4
22. g5 h6 23. Reg1 hxg5 24. Rxg5 Qh7 25. Rhg1 1-0

[Event "TCh-TUR 2011"]
[Site "Konya TUR"]
[Date "2011.07.04"]
[Round "8"]
[White "Ulusoy, Nisan"]
[Black "Birgelir, Melisa"]
[Result "1-0"]
[WhiteElo "1585"]
[BlackElo "1735"]
[WhiteTeam "Bursa Tophane Meslek Lisesi S.K."]
[BlackTeam "Besiktas Jimnastik Kulubu"]
[WhiteFideId "6322247"]
[BlackFideId "6300308"]
[EventDate "2011.06.28"]

1. e4 e5 2. Nf3 Nc6 3. Bb5 a6 4. Ba4 Nf6 5. O-O Be7 6. Re1 b5 7. Bb3 d6 8. c3
Bg4 9. h3 Bh5 10. d3 Na5 11. Bc2 c5 12. Nbd2 Qc7 13. Nf1 Nd7 14. Ng3 Bg6 15. Be3
Rc8 16. Rc1 O-O 17. Bg5 f6 18. Be3 f5 19. exf5 Bxf5 20. Nxf5 Rxf5 21. d4 Rff8
22. dxe5 Nxe5 23. Nxe5 dxe5 24. Qd3 g6 25. Bh6 Rfd8 26. Qg3 Bf6 27. Re4 Rd7 28.
Rg4 Bg7 29. Be3 c4 30. h4 Kf8 31. h5 gxh5 32. Rg5 h6 33. Rxh5 Rd6 34. Rf5+ Ke8
35. f4 exf4 36. Bxf4 Qa7+ 37. Kh1 Re6 38. Re1 Rxe1+ 39. Qxe1+ Qe7 40. Qg3 Rc6
41. Rd5 Nb7 42. Be5 Qe6 43. Be4 1-0

[Event "TCh-TUR 2011"]
[Site "Konya TUR"]
[Date "2011.07.05"]
[Round "9"]
[White "Korkmaz, Necmettin"]
[Black "Durarbeyli, Vasif"]
[Result "0-1"]
[BlackTitle "GM"]
[WhiteElo "2189"]
[BlackElo "2511"]
[WhiteTeam "Bursa Tophane Meslek Lisesi S.K."]
[BlackTeam "Gazi Universitesi S.K."]
[WhiteFideId "6303285"]
[BlackFideId "13402935"]
[EventDate "2011.06.28"]

1. e4 c6 2. d4 d5 3. Nc3 dxe4 4. Nxe4 Bf5 5. Ng3 Bg6 6. h4 h6 7. Nf3 Nd7 8. h5
Bh7 9. Bd3 Bxd3 10. Qxd3 e6 11. Bd2 Ngf6 12. O-O-O Be7 13. Ne4 Nxe4 14. Qxe4 Nf6
15. Qe2 Qd5 16. c4 Qe4 17. Be3 Ng4 18. Qd3 Qxd3 19. Rxd3 O-O 20. Kc2 Rfd8 21.
Ne5 Nf6 22. f3 Rac8 23. g4 b5 24. b3 Ne8 25. a4 Bf6 26. Nxc6 bxc4 27. Nxd8 cxd3+
28. Kxd3 Rxd8 29. Rc1 Bxd4 30. Bxd4 e5 31. Rc4 Kf8 32. Kc3 Rxd4 33. Rxd4 exd4+
34. Kxd4 Ke7 35. Kc5 Kd7 36. b4 f5 37. b5 fxg4 38. fxg4 Nf6 39. b6 Kc8 40. a5
axb6+ 41. Kxb6 Kb8 0-1

[Event "TCh-TUR 2011"]
[Site "Konya TUR"]
[Date "2011.07.05"]
[Round "9"]
[White "Yeke, Serkan"]
[Black "Cebelli, Ozel"]
[Result "1-0"]
[WhiteTitle "FM"]
[WhiteElo "2293"]
[BlackElo "2130"]
[WhiteTeam "Gazi Universitesi S.K."]
[BlackTeam "Bursa Tophane Meslek Lisesi S.K."]
[WhiteFideId "6301142"]
[BlackFideId "6301169"]
[EventDate "2011.06.28"]

1. e4 e6 2. d3 d5 3. Nd2 g6 4. Ngf3 Bg7 5. g3 Ne7 6. Bg2 O-O 7. O-O b6 8. Qe2
Bb7 9. Re1 Nd7 10. e5 c5 11. Nf1 h6 12. h4 h5 13. Bg5 Re8 14. N1h2 Qc7 15. Bf4
Nf5 16. Qd2 d4 17. Qe2 Rac8 18. Ng5 Bxg2 19. Kxg2 c4 20. Rad1 Qc6+ 21. Kh3 cxd3
22. cxd3 Qc2 23. Rd2 Qa4 24. g4 hxg4+ 25. Nxg4 Rc5 26. h5 Qa5 27. Rg1 Nf8 28.
Ne4 Re7 29. Nxc5 bxc5 30. Nf6+ Bxf6 31. exf6 Rd7 32. Be5 Rd5 33. f4 Qxa2 34.
hxg6 fxg6 35. Qh5 Kf7 36. Rxg6 Nxg6 37. Qh7+ Kf8 38. Qxg6 Rxe5 39. fxe5 Qd5 40.
Qg2 Qxe5 41. Qa8+ Kf7 42. Rg2 Qf4 43. Qg8+ Kxf6 44. Rg6+ Ke7 45. Qxe6+ Kd8 46.
Rg8+ Kc7 47. Rc8+ 1-0

[Event "TCh-TUR 2011"]
[Site "Konya TUR"]
[Date "2011.07.05"]
[Round "9"]
[White "Gvetadze, Sopio"]
[Black "Guney, Gamze Nur"]
[Result "1-0"]
[WhiteTitle "IM"]
[WhiteElo "2330"]
[BlackElo "1731"]
[WhiteTeam "Bursa Tophane Meslek Lisesi S.K."]
[BlackTeam "Gazi Universitesi S.K."]
[WhiteFideId "13601440"]
[BlackFideId "6338879"]
[EventDate "2011.06.28"]

1. e4 c5 2. Nf3 d6 3. d4 cxd4 4. Nxd4 Nf6 5. Nc3 a6 6. Be2 e6 7. O-O Be7 8. Be3
O-O 9. f4 Qc7 10. Kh1 Nc6 11. Qe1 Nxd4 12. Bxd4 b5 13. e5 dxe5 14. Bxe5 Qb6 15.
Qh4 Bb7 16. Bd3 h6 17. Qg3 Nh5 18. Qh3 Nf6 19. Rae1 Rfd8 20. Re3 b4 21. Rg3 Kf8
22. Nd1 Bc6 23. Ne3 Bb5 24. Ng4 Ke8 25. Nf2 Bxd3 26. cxd3 Bf8 27. f5 exf5 28.
Re3 Be7 29. Rfe1 Nd5 30. Rf3 g6 31. Qxh6 Kd7 32. Qd2 Bd6 33. d4 Bxe5 34. dxe5
Ke6 35. Rd3 Rac8 36. Nh3 Qc5 37. Rxd5 Rxd5 38. Nf4+ Ke7 39. Nxd5+ Ke6 40. Nf4+
Ke7 41. e6 fxe6 42. Rxe6+ Kf8 43. Nxg6+ Kg8 44. Re1 Kg7 45. Qg5 1-0

[Event "TCh-TUR 2011"]
[Site "Konya TUR"]
[Date "2011.07.05"]
[Round "9"]
[White "Koksal, Ege"]
[Black "Komut, Burak"]
[Result "0-1"]
[WhiteElo "2004"]
[BlackElo "1980"]
[WhiteTeam "Gazi Universitesi S.K."]
[BlackTeam "Bursa Tophane Meslek Lisesi S.K."]
[WhiteFideId "6317626"]
[BlackFideId "6309984"]
[EventDate "2011.06.28"]

1. d4 Nf6 2. c4 e6 3. Nf3 b6 4. g3 Bb7 5. Bg2 Bb4+ 6. Nbd2 O-O 7. O-O Bxd2 8.
Qxd2 d6 9. b3 Nbd7 10. Bb2 Qe7 11. Rfd1 Ne4 12. Qc2 f5 13. Nd2 Ndf6 14. Nxe4
Nxe4 15. d5 Nf6 16. dxe6 Bxg2 17. Kxg2 Qxe6 18. e3 Rae8 19. Rac1 Ne4 20. Rd5 Qg6
21. Re1 Ng5 22. Qd1 Re6 23. h4 Ne4 24. Qf3 a5 25. Qf4 h6 26. a3 Nc5 27. b4 axb4
28. axb4 Na6 29. b5 Nc5 30. Qf3 f4 31. h5 Qc2 32. Re2 Qxc4 33. gxf4 Rxf4 34.
Rxc5 bxc5 35. exf4 Qxe2 36. Qc3 Qg4+ 37. Kf1 Qd1+ 38. Kg2 Qg4+ 39. Kf1 Re7 40.
Qc4+ Qe6 41. Qc3 Qe2+ 42. Kg2 Qxh5 43. Qg3 Qf5 44. Qh4 Rf7 45. Kg3 c4 46. f3
Qxb5 47. Bc3 Qf5 48. Bd4 c5 49. Bc3 d5 50. Be5 Qd7 51. Qh5 d4 0-1

[Event "TCh-TUR 2011"]
[Site "Konya TUR"]
[Date "2011.07.05"]
[Round "9"]
[White "Donmez, Batuhan"]
[Black "Dastan, Batuhan"]
[Result "0-1"]
[WhiteElo "1849"]
[BlackElo "2191"]
[WhiteTeam "Bursa Tophane Meslek Lisesi S.K."]
[BlackTeam "Gazi Universitesi S.K."]
[WhiteFideId "6326277"]
[BlackFideId "6300014"]
[EventDate "2011.06.28"]

1. e4 c5 2. Nf3 d6 3. d4 cxd4 4. Nxd4 Nf6 5. Nc3 a6 6. Be3 Ng4 7. Bg5 h6 8. Bh4
g5 9. Bg3 Bg7 10. Qd2 Nc6 11. Nb3 Be6 12. Be2 b5 13. O-O Nge5 14. Rab1 Rb8 15.
Nd1 Nc4 16. Bxc4 bxc4 17. Nc1 O-O 18. b3 Qa5 19. Qxa5 Nxa5 20. b4 c3 21. Ne3 Nc4
22. Nxc4 Bxc4 23. Rd1 a5 24. a3 axb4 25. axb4 Rb5 26. Nd3 Ra8 27. f3 Ra2 28.
Rbc1 f5 29. exf5 Rxf5 30. Be1 Rb5 31. Kf2 Bd4+ 32. Kg3 Bf6 33. Kf2 Bb3 34. Ke3
Bxc2 35. Ra1 Rxa1 36. Rxa1 Rd5 37. Nf2 Bd4+ 38. Ke2 Bb3 39. Rc1 Bc4+ 0-1

[Event "TCh-TUR 2011"]
[Site "Konya TUR"]
[Date "2011.07.05"]
[Round "9"]
[White "Sasmazel, Burcu"]
[Black "Sanal, Suna"]
[Result "0-1"]
[WhiteElo "1911"]
[BlackElo "1685"]
[WhiteTeam "Gazi Universitesi S.K."]
[BlackTeam "Bursa Tophane Meslek Lisesi S.K."]
[WhiteFideId "6319106"]
[BlackFideId "6315380"]
[EventDate "2011.06.28"]

1. e4 c5 2. Nc3 e6 3. g3 d5 4. d3 Be7 5. f4 d4 6. Nce2 Nf6 7. Bg2 Nc6 8. Nf3 O-O
9. h3 b5 10. O-O Bb7 11. g4 Qc7 12. Bd2 Rfd8 13. Nh2 c4 14. g5 Nd7 15. Ng4 Nc5
16. Be1 a5 17. h4 Bf8 18. h5 Na4 19. Rb1 Nb4 20. Bf2 Nxa2 21. Bxd4 Rxd4 22. Nxd4
Bc5 23. h6 Bxd4+ 24. Kh1 g6 25. dxc4 Rd8 26. Qd3 Nb4 27. Qb3 Nc5 28. Qh3 Nxc2
29. Rbc1 Nb4 30. cxb5 Bxb2 31. Rc2 Nxc2 0-1

[Event "TCh-TUR 2011"]
[Site "Konya TUR"]
[Date "2011.07.05"]
[Round "9"]
[White "Sahin, Handenur"]
[Black "Ulusoy, Nisan"]
[Result "1-0"]
[WhiteElo "1738"]
[BlackElo "1585"]
[WhiteTeam "Gazi Universitesi S.K."]
[BlackTeam "Bursa Tophane Meslek Lisesi S.K."]
[WhiteFideId "6334865"]
[BlackFideId "6322247"]
[EventDate "2011.06.28"]

1. d4 Nf6 2. Nf3 g6 3. Bf4 Bg7 4. e3 O-O 5. Be2 d5 6. O-O c5 7. c3 Nc6 8. Nbd2
Nd7 9. Qb3 e6 10. Rfe1 c4 11. Qc2 e5 12. dxe5 Ndxe5 13. Nd4 Nxd4 14. exd4 Bf5
15. Qc1 Nd3 16. Bxd3 Bxd3 17. Nf3 Be4 18. Ne5 Bxe5 19. Bxe5 f6 20. Bg3 g5 21.
Qd2 Kg7 22. Re2 Qd7 23. Rae1 Rae8 24. Re3 Bd3 25. Bd6 Qxd6 26. Rxe8 Rxe8 27.
Rxe8 Kf7 28. Re3 f5 29. Re5 h6 30. h4 g4 31. Qf4 Qc6 32. Qe3 Qd6 33. Qf4 Qc6 34.
f3 gxf3 35. Qxf3 Be4 36. Qh5+ Kf8 37. g4 f4 38. g5 hxg5 39. Qxg5 Qg6 40. Qxg6
Bxg6 41. Rxd5 Ke7 42. Rc5 Kf6 43. Rxc4 Kf5 44. Rc5+ Kg4 45. Rg5+ Kxh4 46. Rxg6
b5 47. d5 Kh5 48. Rg8 1-0

[Event "TCh-TUR 2011"]
[Site "Konya TUR"]
[Date "2011.07.05"]
[Round "9"]
[White "Arutinian, David"]
[Black "Solak, Dragan"]
[Result "1/2-1/2"]
[WhiteTitle "GM"]
[BlackTitle "GM"]
[WhiteElo "2564"]
[BlackElo "2588"]
[WhiteTeam "Yesilkoy Spor Kulubu"]
[BlackTeam "Besiktas Jimnastik Kulubu"]
[WhiteFideId "13601741"]
[BlackFideId "916811"]
[EventDate "2011.06.28"]

1. d4 d5 2. c4 c6 3. Nf3 Nf6 4. e3 Bf5 5. Nc3 e6 6. Bd3 Bg6 7. O-O Nbd7 8. Qe2
Be7 9. e4 dxe4 10. Nxe4 Nxe4 1/2-1/2

[Event "TCh-TUR 2011"]
[Site "Konya TUR"]
[Date "2011.07.05"]
[Round "9"]
[White "Atakisi, Umut"]
[Black "Sanikidze, Tornike"]
[Result "1/2-1/2"]
[WhiteTitle "IM"]
[BlackTitle "GM"]
[WhiteElo "2370"]
[BlackElo "2524"]
[WhiteTeam "Besiktas Jimnastik Kulubu"]
[BlackTeam "Yesilkoy Spor Kulubu"]
[WhiteFideId "6301037"]
[BlackFideId "13602608"]
[EventDate "2011.06.28"]

1. e4 e5 2. Nf3 Nc6 3. Bb5 a6 4. Bxc6 dxc6 5. O-O Qd6 6. Na3 Be6 7. Qe2 f6 8. d4
Bg4 9. c3 Qe6 10. Nc2 Bd6 11. Ne3 h5 12. dxe5 Bxe5 13. h3 Bxf3 14. Qxf3 Ne7 15.
Nf5 Nxf5 16. exf5 Qd5 17. Qxd5 cxd5 18. g3 O-O-O 19. Rd1 Rhe8 20. Kg2 d4 21. c4
b6 22. Rd3 c5 23. Bd2 Bc7 24. Re1 Rxe1 25. Bxe1 b5 26. b3 Re8 27. Bd2 Kb7 28. g4
h4 29. Kf1 Kc6 30. g5 a5 31. g6 a4 32. Kg2 bxc4 33. bxc4 Re5 34. Rf3 Re2 35. Rd3
Bg3 36. Bh6 Rxf2+ 37. Kh1 Rf1+ 38. Kg2 Rxf5 39. Rf3 Re5 40. Bxg7 Re2+ 41. Kg1
Rxa2 42. Bf8 Ra1+ 43. Kg2 Ra2+ 44. Kf1 Ra1+ 45. Ke2 Rg1 46. Rxf6+ Kd7 47. Rf1
Rxf1 48. Kxf1 Ke6 49. Bxc5 Be5 50. Ke2 Kd7 51. Kf1 Bg3 52. Bf8 Ke6 53. Bc5 Be5
54. Ke2 Kf6 55. Kd3 Kxg6 56. Bxd4 Kf5 57. Bxe5 Kxe5 58. Kc3 a3 59. Kb3 Kd4 60.
Kxa3 Kxc4 61. Kb2 1/2-1/2